ბათუმის შოთა რუსთაველის სახელმწიფო უნივერსიტეტის ბიბლიოთეკა

გადასახადები.№6,ივნისი 2016. (ბიბ.ჩანაწერი № 51742)

000 -LEADER
fixed length control field 01723nam a2200217Ia 4500
001 - CONTROL NUMBER
control field 18734
003 - CONTROL NUMBER IDENTIFIER
control field GE_BSU
008 - FIXED-LENGTH DATA ELEMENTS--GENERAL INFORMATION
fixed length control field 181216s||||||||xx |||||||||||||| ||und||
040 ## - CATALOGING SOURCE
Transcribing agency GE_BSU
245 ## - TITLE STATEMENT
Title გადასახადები.№6,ივნისი 2016.
245 ## - TITLE STATEMENT
Remainder of title ოფიციალური დოკუმენტები,დაბეგვრის თეორია და მეთოდოლოგია,დაბეგვრის პრაქტიკა,ფინანსები,აღრიცხვა და აუდიტი,ცვლილებები საფადასახადო და საბაჟო კანონმდებლობაში კომენტარებით, კითხვა-პასუხები.
245 ## - TITLE STATEMENT
Statement of responsibility, etc. მთ.რედ.დავით ჯალაღონია,რედ.მადონა გელაშვილი.
260 ## - PUBLICATION, DISTRIBUTION, ETC.
Name of publisher, distributor, etc. შპს ბიზნეს ინტელექტი
260 ## - PUBLICATION, DISTRIBUTION, ETC.
Date of publication, distribution, etc. 2016
300 ## - PHYSICAL DESCRIPTION
Extent 56გვ;29სმ.
653 ## - INDEX TERM--UNCONTROLLED
Uncontrolled term გადასახადები
653 ## - INDEX TERM--UNCONTROLLED
Uncontrolled term ეკონომიკა
653 ## - INDEX TERM--UNCONTROLLED
Uncontrolled term ოფიციალური დოკუმენტები,დაბეგვრის თეორია და მეთოდოლოგია,დაბეგვრის პრაქტიკა,ფინანსები,აღრიცხვა და აუდიტი,ცვლილებები საფადასახადო და საბაჟო კანონმდებლობაში კომენტარებით, კითხვა-პასუხები.
653 ## - INDEX TERM--UNCONTROLLED
Uncontrolled term პერიოდიკა
942 ## - ADDED ENTRY ELEMENTS (KOHA)
Koha item type პერიოდიკა
ეგზემპლარები
Withdrawn status Lost status Damaged status Not for loan Date acquired Barcode Date last seen Price effective from Koha item type
        2018-12-17 P77733 2018-12-17 2018-12-17 პერიოდიკა